Innovative and Effective Approaches to Housing : A Guide to the Unchs Best Pratices Database / (Record no. 2142)

000 -LEADER
fixed length control field 00369 a2200097 4500
020 ## - INTERNATIONAL STANDARD BOOK NUMBER
International Standard Book Number 9211314321
082 ## - DEWEY DECIMAL CLASSIFICATION NUMBER
Classification number 352.50973 WOR
245 ## - TITLE STATEMENT
Title Innovative and Effective Approaches to Housing : A Guide to the Unchs Best Pratices Database /
Statement of responsibility, etc. United Nations Centre for Human Settlements
260 ## - PUBLICATION, DISTRIBUTION, ETC.
Place of publication, distribution, etc. USA :
Name of publisher, distributor, etc. United Nations Centre for Human Settlements,
300 ## - PHYSICAL DESCRIPTION
Extent 88p. :
Other physical details ill. ;
Dimensions 30 cm
650 ## - SUBJECT ADDED ENTRY--TOPICAL TERM
Topical term or geographic name entry element Housing
Holdings
Withdrawn status Lost status Damaged status Not for loan Permanent Location Current Location Shelving location Date acquired Total Checkouts Full call number Barcode Date last seen Price effective from Koha item type
        School of Civil and Environmental Engineering (SCEE) School of Civil and Environmental Engineering (SCEE)       352.50973 WOR NIT-1583 01/05/2017 01/05/2017 Book
© 2023 Central Library, National University of Sciences and Technology. All Rights Reserved.